Manchester City 2024/2025 - Statystyki

Ogólne statystyki
  • Ten quiz został rozwiązany 86 razy
  • Średni wynik to 6 z 11
Statystyki odpowiedzi
Pozycja Zawodnik % Poprawnych
Bramkarz Ederson
97%
Środkowy napastnik Erling Haaland
86%
Środkowy obrońca Ruben Dias
72%
Lewy obrońca Joško Gvardiol
67%
Lewy skrzydłowy Jeremy Doku
52%
Prawy skrzydłowy Savinho
51%
Ofensywny pomocnik Omar Marmoush
48%
Środkowy obrońca Abdukodir Khusanov
45%
Defensywny pomocnik Matej Kovačić
29%
Defensywny pomocnik Nico Gonzalez
29%
Prawy obrońca Matheus Luiz
6%
Nie znaleziono quizów pasujących do podanych kryteriów
Rozkład punktacji
Procent ludzi z każdym wynikiem
Percentyl według liczby udzielonych odpowiedzi
Twoja historia wyników
Nie rozwiązałeś tego quizu